000 00255nam a2200109Ia 4500
008 190216s9999||||xx |||||||||||||| ||und||
100 _aAcharya Chudersan
245 0 _aHindi-Devangena Narmadh
260 _bArya Book Depot
650 _aHindi
942 _cBK
999 _c15278
_d15278